000 00265nam a22001097a 4500
008 160519b xxu||||| |||| 00| 0 eng d
020 _a0721682596
041 _aeng
080 _a616
245 _aReview of pathology:
_cEdward C. Klatt; Vinay Kumar;
942 _2udc
_cBK
999 _c2230
_d2230